Регионална библиотека "Любен Каравелов" - Русе

Под знамето на свободата : горяните (Запис номер 455141)

MARC детайли
000 -Лидер
Контролно поле с фиксирана дължина nam a22 a 4500
003 - Код на организацията, давaща контролен номер
Контролно поле BLK
005 - Дата и час на последна редакция
Контролно поле 20220511154948.0
008 - Елементи от данни с фиксирана дължина
fixed length control field 180408b bul|||||r ||||||| ||bul||
020 ## - Международен стандартен номер на книга ISBN
Международен стандартен номер на книга ISBN 9786197486063
Поясняваща информация (подв.)
020 ## - Международен стандартен номер на книга ISBN
Международен стандартен номер на книга ISBN 9786197486056 !
Поясняваща информация (сгрешен)
040 ## - Източник на каталожния запис
Идентификатор на билиотеката - собственик на записа BLK
041 ## - Код за език
Код за езика на текст/звукозапис или на отделно заглавие Български
-- Немски
-- Английски
Код за езика КДБФ Български
080 ## - УДК
Текстов определител УДК Българската държава през ХІХ и ХХ вв.
УДК код - определител по УДК 94(497.2)"18/19"
УДК - код + определител 94(497.2)"18/19"
139 ## - Редно поле
Редна дума Под знамето на свободата
245 10 - Сведения за заглавието
Заглавие Под знамето на свободата : горяните
Подзаглавни данни Истор. очерк
Редно поле (дума) Николай Сираков и др.; прев. на нем. Милкана Делер; прев. на англ. Петър Скип
246 ## - Различни форми на заглавието
Паралелно заглавие Unter der flagge der freiheit: die goryanen
246 ## - Различни форми на заглавието
Паралелно заглавие Beneath the banner of freedom: the goryani
257 ## - Страна на издаване
Страна на създаване/издаване България
260 ## - Област на издателските данни
Място на издаване, разпространение и проч. Варна
Име на издателя, разпространителя и проч. Регионален ист. музей - Сливен
Година на издаване 2021
9 (RLIN) 395475
Печатница Варна : Корс
300 ## - Физическа характеристика
Страници 291 с.
Илюстрации и др. с ил., портр., фотогр.
Размери/Мащаб 25 см
380 ## - Жанр
Жанр История
500 ## - Общи забележки
Забележка Изд. на Регион. истор. музей "Д-р симеон Табаков" - Сливен. - Загл. на кор.: Дело № – Под знамето на свободата : горяните. - Кн. е отпеч. с финанс. подкрепа на Фондация "Конрад Аденауер", България. - Библиогр. под линия и на с. 288-289. - Паралелен текст на нем. и англ. ез. - Др. авт.: Мариан Гяурски, Мария Павлова, Пенка Димитрова. - Възприетата форма на името на прев. Петър Скип е Петър Скипп. - Дизайн на кор. Рая Павлова.
650 #7 - Допълнително описание по предмет – тема
Основно описание – тема или топоним Горянско движение
9 (RLIN) 152332
651 #7 - Допълнително описание по предмет - топоним
9 (RLIN) 178684
Географско понятие България
653 #0 - Ключова дума – ненормативна
Ключова дума история на България
9 (RLIN) 395677
653 #7 - Ключова дума – ненормативна
Ключова дума горяни
9 (RLIN) 184272
653 #0 - Ключова дума – ненормативна
Ключова дума 20 век
9 (RLIN) 400991
700 ## - Други автори (авторска отговорност)
Лично име Делер, Милкана Клаус
Автороска отговорност (Описва отношението между автора и произведението) прев. на нем.
9 (RLIN) 999
700 ## - Други автори (авторска отговорност)
Лично име Скипп, Петър
Автороска отговорност (Описва отношението между автора и произведението) прев. на англ.
9 (RLIN) 988
852 ## - Местоположение
Форматна сигнатура Цб 312401
Фондова буква Хранилище
999 ## - СИСТЕМНИ КОНТРОЛНИ НОМЕРА
Koha biblionumber 455141
Koha biblioitemnumber 455141
942 ## - АРТИКУЛИ
Вид на библиотечния материал Книги
Скрит в OPAC Не
Периодичен библиозапис Да
944 ## - СЪЗДАВАНЕ И РЕДАКЦИЯ на ЗАПИСА
Създаване/Редакция Създаване
Дата на регистрацията/редакция 2022-05-11
Служител, извършил регистрацията/редакцията СТ
Наличности
Код за отписване Код за изгубен артикул Източник на класификационната схема Код за повреда Коз за рестрикции Код за отдаване Артикулен № Име на библиотеката - собственик Име на библиотеката, в която се намира в момента Статус (Текущо местоположение) Дата на вписване в системата Местоположение - отдел Цена в лева Систематично азбучна сигнатура Баркод Цена в евро Служебен тип на артикула
  Не е изгубен Universal Decimal Classification Не е повреден само за читалня ползва се в читалня 883822 Регионална библиотека "Любен Каравелов" Русе Регионална библиотека "Любен Каравелов" Русе Хранилище 2022-05-12 Хранилище 20.00 Цб 312401 120000871891 10.23 Книги
Vip Innovations Ltd, Rousse, Bulgaria 2025